Aus welcher Kinderserie stammt der Spruch? - Statistiken

Allgemein
  • Dieses Quiz wurde 512 mal gespielt
  • Das Durchschnittsergebnis liegt bei 72 aus 81
Antwortstatistiken
Frage Kachel Select % Korrekt
„Enemene Mai, flieg los Kartoffelbrei.“ Nein
96%
„Enemene Mai, flieg los Kartoffelbrei.“ Nein
96%
„Enemene Mai, flieg los Kartoffelbrei.“ Nein
96%
„Enemene Mai, flieg los Kartoffelbrei.“ Nein
96%
„Enemene Mai, flieg los Kartoffelbrei.“ Nein
96%
„Enemene Mai, flieg los Kartoffelbrei.“ Nein
96%
„Enemene Mai, flieg los Kartoffelbrei.“ Nein
96%
„Scooby Dooby Doooo!“ Nein
96%
„Scooby Dooby Doooo!“ Nein
96%
„Scooby Dooby Doooo!“ Nein
96%
„Seid ihr nicht etwas zu jung um eine Achterbahn zu bauen?“ - „Ja, ja das sind wir.“ Nein
95%
„Seid ihr nicht etwas zu jung um eine Achterbahn zu bauen?“ - „Ja, ja das sind wir.“ Nein
95%
„Und es schmeckte ihm so gut als wäre es ein ganzes gewesen.“ Nein
95%
„Und es schmeckte ihm so gut als wäre es ein ganzes gewesen.“ Nein
95%
„Und es schmeckte ihm so gut als wäre es ein ganzes gewesen.“ Nein
95%
„Und es schmeckte ihm so gut als wäre es ein ganzes gewesen.“ Nein
95%
„Und es schmeckte ihm so gut als wäre es ein ganzes gewesen.“ Nein
95%
„Enemene Mai, flieg los Kartoffelbrei.“ Nein
95%
„Enemene Mai, flieg los Kartoffelbrei.“ Ja
95%
„Scooby Dooby Doooo!“ Nein
95%
„Scooby Dooby Doooo!“ Nein
95%
„Scooby Dooby Doooo!“ Nein
95%
„Scooby Dooby Doooo!“ Ja
95%
„Scooby Dooby Doooo!“ Nein
95%
„Scooby Dooby Doooo!“ Nein
95%
„Seid ihr nicht etwas zu jung um eine Achterbahn zu bauen?“ - „Ja, ja das sind wir.“ Nein
94%
„Seid ihr nicht etwas zu jung um eine Achterbahn zu bauen?“ - „Ja, ja das sind wir.“ Nein
94%
„Seid ihr nicht etwas zu jung um eine Achterbahn zu bauen?“ - „Ja, ja das sind wir.“ Nein
94%
„Seid ihr nicht etwas zu jung um eine Achterbahn zu bauen?“ - „Ja, ja das sind wir.“ Nein
94%
„Und es schmeckte ihm so gut als wäre es ein ganzes gewesen.“ Nein
94%
„Seid ihr nicht etwas zu jung um eine Achterbahn zu bauen?“ - „Ja, ja das sind wir.“ Nein
93%
„Is was Doc?“ Nein
93%
„Is was Doc?“ Nein
93%
„Psssst, möchtest du ein … kaufen?“ Nein
93%
„Und es schmeckte ihm so gut als wäre es ein ganzes gewesen.“ Nein
92%
„Und es schmeckte ihm so gut als wäre es ein ganzes gewesen.“ Nein
92%
„Is was Doc?“ Nein
92%
„Psssst, möchtest du ein … kaufen?“ Nein
92%
„Is was Doc?“ Nein
91%
„Is was Doc?“ Nein
91%
„Is was Doc?“ Nein
91%
„Dinkleberg!!!“ Nein
91%
„Links, zwo, drei, vier.“ Nein
91%
„Links, zwo, drei, vier.“ Nein
91%
„Stell niemanden durch.“ Nein
91%
„Stell niemanden durch.“ Nein
91%
„Dinkleberg!!!“ Nein
90%
„Stell niemanden durch.“ Nein
90%
„Seid ihr nicht etwas zu jung um eine Achterbahn zu bauen?“ - „Ja, ja das sind wir.“ Nein
89%
„Dinkleberg!!!“ Nein
89%
„Dinkleberg!!!“ Nein
89%
„Dinkleberg!!!“ Nein
89%
„Psssst, möchtest du ein … kaufen?“ Nein
89%
„Psssst, möchtest du ein … kaufen?“ Nein
89%
„Psssst, möchtest du ein … kaufen?“ Nein
89%
„Links, zwo, drei, vier.“ Nein
89%
„Stell niemanden durch.“ Nein
89%
„Stell niemanden durch.“ Nein
89%
„Und es schmeckte ihm so gut als wäre es ein ganzes gewesen.“ Ja
88%
„Is was Doc?“ Nein
88%
„Psssst, möchtest du ein … kaufen?“ Nein
88%
„Stell niemanden durch.“ Nein
88%
„Is was Doc?“ Nein
87%
„Dinkleberg!!!“ Nein
87%
„Psssst, möchtest du ein … kaufen?“ Nein
87%
„Seid ihr nicht etwas zu jung um eine Achterbahn zu bauen?“ - „Ja, ja das sind wir.“ Ja
86%
„Links, zwo, drei, vier.“ Nein
86%
„Links, zwo, drei, vier.“ Nein
86%
„Dinkleberg!!!“ Nein
84%
„Dinkleberg!!!“ Nein
84%
„Stell niemanden durch.“ Nein
84%
„Links, zwo, drei, vier.“ Nein
82%
„Links, zwo, drei, vier.“ Nein
82%
„Stell niemanden durch.“ Nein
81%
„Links, zwo, drei, vier.“ Nein
79%
„Is was Doc?“ Ja
75%
„Psssst, möchtest du ein … kaufen?“ Nein
71%
„Stell niemanden durch.“ Ja
67%
„Dinkleberg!!!“ Ja
62%
„Psssst, möchtest du ein … kaufen?“ Ja
52%
„Links, zwo, drei, vier.“ Ja
49%
Keine übereinstimmenden Quizze gefunden
Verteilung der Resultate
Anzahl Personen mit jedem Resultat
Perzentil nach korrekt beantworteten Fragen
Ihre Resultats-Entwicklung
Sie haben dieses Quiz noch nicht gespielt